[Event "POL-chT4 Kujawsko-Pomorskie 1516"]
[Site "Poland"]
[Date "2016.01.31"]
[Round "6"]
[White "Sargalski, Andrzej"]
[Black "Jablonski, Jerzy"]
[Result "1-0"]
[WhiteElo "1911"]
[BlackElo "1748"]
[PlyCount "122"]
[EventDate "2015.11.08"]
[EventType "team-tourn"]
[EventRounds "11"]
[EventCountry "POL"]
[SourceTitle "EXT 2019"]
[Source "ChessBase"]
[SourceDate "2018.10.10"]
[SourceVersion "1"]
[SourceVersionDate "2018.10.10"]
[SourceQuality "1"]

1. e4 e5 2. Nf3 f5 3. d4 fxe4 4. Nxe5 Nf6 5. Bc4 d5 6. Bb3 c6 7. Bg5 Nbd7 8. Nd2 Be7 9. h3 0-0 10. 0-0 h6 11. Bh4 Kh7 12. Bg3 a5 13. c3 Qe8 14. Bc2 Nxe5 15. Bxe5 Qg6 16. Kh2 Nd7 17. Bg3 Bd6 18. Qe2 Bxg3+ 19. fxg3 Nf6 20. Nxe4 dxe4 21. Bxe4 Nxe4 22. Rxf8 Qxg3+ 23. Kg1 Nd6 24. Raf1 b6 25. Qc2+ g6 26. R1f3 Qe1+ 27. Rf1 Qe3+ 28. Qf2 Qxf2+ 29. R1xf2 Kg7 30. R8f6 Nf5 31. Rxc6 Rb8 32. Rc7+ Kg8 33. g4 Ng7 34. Rf6 Be6 35. Rxg6 Bf7 36. Rxh6 Bxa2 37. Rcc6 b5 38. Rb6 Re8 39. Rxb5 a4 40. Rc6 Re3 41. Rc8+ Kh7 42. Rc7 Rxh3 43. Rg5 Be6 44. Rgxg7+ Kh8 45. Kg2 Rd3 46. Rh7+ Kg8 47. Rhe7 Bd5+ 48. Kf2 Rf3+ 49. Ke2 Kf8 50. Red7 Rf7 51. Rc8+ Kg7 52. Rxd5 a3 53. bxa3 Rf4 54. Rc6 Re4+ 55. Kf3 Re7 56. a4 Rf7+ 57. Kg3 Kf8 58. a5 Ke8 59. a6 Re7 60. Rc8+ Kf7 61. Rb5 Kf6 1-0

[Event "Krynica-ch sf blind"]
[Site "Krynica"]
[Date "2013.03.14"]
[Round "5.3"]
[White "Sargalski, Andrzej"]
[Black "Migala, Andrzej"]
[Result "1-0"]
[WhiteElo "1893"]
[BlackElo "2077"]
[PlyCount "76"]
[EventDate "2013.03.14"]
[EventType "swiss"]
[EventRounds "9"]
[EventCountry "POL"]
[SourceTitle "EXT 2023"]
[Source "ChessBase"]
[SourceDate "2022.10.05"]
[SourceVersion "1"]
[SourceVersionDate "2022.10.05"]
[SourceQuality "1"]

1. e4 c5 2. Nf3 d6 3. d4 cxd4 4. Nxd4 Nf6 5. Nc3 a6 6. Bd3 e5 7. Nf3 Be7 8. h3 b5 9. 0-0 Bb7 10. Re1 0-0 11. Bg5 Nbd7 12. Ne2 Nxe4 13. Bxe7 Qxe7 14. Bxe4 Bxe4 15. Ng3 Bg6 16. c3 Nc5 17. Nd4 Qf6 18. Nc6 Nd3 19. Re2 Rac8 20. Na5 d5 21. Rd2 Qb6 22. Nb3 e4 23. a3 f5 24. Nc1 f4 25. Nf1 d4 26. Nxd3 exd3 27. cxd4 Qxd4 28. Nh2 Rfd8 29. Nf3 Qd5 30. Ne1 Bh5 31. f3 Bg6 32. Kh2 h5 33. b4 Qc4 34. Rb1 Qd4 35. a4 h4 36. axb5 axb5 37. Qb3+ Qc4 38. Qd1 Rc6 1-0